[Event "XXV Miedzynarodowy Festiwal Szachowy w Poznaniu - OPEN A"]
[Site "Poznan"]
[Date "2017.08.20"]
[Round "1.28"]
[White "Walkowski, Jonasz"]
[Black "Kozlowska, Marzena "]
[Result "0-1"]
[WhiteTitle ""]
[BlackTitle ""]
[WhiteElo "1496"]
[BlackElo "1970"]

1. d4 d6 2. c4 g6 3. g3 Bg7 4. Bg2 Nc6 5. Nf3 Nf6 6. Nc3 O-O 7. O-O Nd7 8. e4 e5
9. Be3 exd4 10. Nxd4 Nde5 11. b3 Ng4 12. Nxc6 Nxe3 13. Nxd8 Nxd1 14. Raxd1 Bxc3
15. Nxf7 Kxf7 16. f4 Bg4 17. Rd3 Bb4 18. Ra1 Be2 0-1

[Event "XXV Miedzynarodowy Festiwal Szachowy w Poznaniu - OPEN A"]
[Site "Poznan"]
[Date "2017.08.20"]
[Round "1.29"]
[White "Rozumek, Krzysztof "]
[Black "Chaczynski, Kamil"]
[Result "1-0"]
[WhiteTitle ""]
[BlackTitle ""]
[WhiteElo "1952"]
[BlackElo "1495"]

1. Nf3 Nf6 2. b3 g6 3. Bb2 d5 4. e3 Bg7 5. c4 e6 6. d4 O-O 7. Bd3 Re8 8. Nbd2 Nc6
9. O-O Ne7 10. Rc1 c6 11. Qc2 Nd7 12. Ba3 f5 13. Bd6 Nf6 14. c5 Ne4 15. Bf4 h6
16. Be5 g5 17. Bxg7 Kxg7 18. Ne5 Rf8 19. Ndf3 Qe8 20. Ne1 Ng6 21. Nxg6 Qxg6 22.
Nf3 Bd7 23. Ne5 Qe8 24. Bxe4 fxe4 25. Qe2 Qe7 26. Qg4 Be8 27. f4 exf3 28. Rxf3
Bg6 29. Rcf1 h5 30. Qg3 Be4 31. Rf7+ Rxf7 32. Rxf7+ Qxf7 33. Nxf7 Kxf7 34. Qc7+
Kg6 35. Qxb7 Rf8 36. Qxc6 Rf6 37. Qb5 g4 38. c6 Rf8 39. c7 e5 40. Qc6+ 1-0

[Event "XXV Miedzynarodowy Festiwal Szachowy w Poznaniu - OPEN A"]
[Site "Poznan"]
[Date "2017.08.20"]
[Round "1.30"]
[White "Nicikowski, Jozef"]
[Black "Malaczek, Mateusz"]
[Result "1/2-1/2"]
[WhiteTitle ""]
[BlackTitle ""]
[WhiteElo "1490"]
[BlackElo "1950"]

1. e4 g6 2. d3 Bg7 3. g3 c5 4. Bg2 Nc6 5. Nf3 d6 6. O-O Nf6 7. Re1 Nd7 8. Nbd2
O-O 9. a4 Rb8 10. c3 a6 11. Nf1 b5 12. axb5 axb5 13. Ne3 b4 14. d4 bxc3 15. bxc3
cxd4 16. cxd4 Bb7 17. Bb2 Nb6 18. Qd2 d5 19. e5 e6 20. Ba3 Nc4 21. Nxc4 dxc4 22.
Bxf8 Bxf8 23. Rab1 Nb4 24. Qc3 Nd3 25. Red1 Bd5 26. Nd2 Bb4 27. Rxb4 Rxb4 28.
Ne4 Bxe4 29. Bxe4 Qb6 30. Bxd3 cxd3 31. Qxd3 Rb2 32. Rc1 Qb7 33. h4 h5 34. Qe3
Rb1 35. Rxb1 Qxb1+ 36. Kh2 Qb7 37. Qf4 Qd5 38. g4 hxg4 39. Qxg4 Kf8 40. Qf4 Kg8
41. Qg4 Kf8 42. Qf4 Kg8 43. h5 gxh5 44. Qg5+ Kf8 45. Qh6+ Ke7 46. Qf6+ Ke8 1/2-1/2

[Event "XXV Miedzynarodowy Festiwal Szachowy w Poznaniu - OPEN A"]
[Site "Poznan"]
[Date "2017.08.20"]
[Round "1.31"]
[White "Nadstoga, Wojciech "]
[Black "Tomczak, Marta "]
[Result "1-0"]
[WhiteTitle ""]
[BlackTitle ""]
[WhiteElo "1926"]
[BlackElo "1480"]

1. Nf3 d5 2. g3 Nf6 3. Bg2 e6 4. d3 Nc6 5. Nbd2 Be7 6. O-O O-O 7. Re1 b6 8. c3
Bb7 9. e4 dxe4 10. dxe4 e5 11. b4 b5 12. a4 a6 13. Bf1 bxa4 14. Qxa4 Nd7 15. Nc4
Nb6 16. Qb3 Bf6 17. Na5 Qc8 18. Nxb7 Qxb7 19. Ba3 Rfe8 20. c4 Nd4 21. Nxd4 exd4
22. c5 Nd7 23. Rac1 Ne5 24. f4 Ng4 25. e5 Be7 26. Bg2 c6 27. Qf3 Ne3 28. Qxc6
Qa7 29. Be4 Rac8 30. Qb7 Rc7 31. Qxa7 Rxa7 32. Bd3 Rb8 33. Rb1 g6 34. Bc1 Nd5
35. Bd2 a5 36. bxa5 Rxb1 37. Rxb1 Bxc5 38. Rb5 Rc7 39. a6 Nc3 40. Rb7 Rxb7 41.
axb7 Ba7 42. Bc1 Nd5 43. Ba3 Bb8 44. Bd6 Nc7 45. Bc4 Kg7 46. Kf1 f6 47. Ke2 1-0

[Event "XXV Miedzynarodowy Festiwal Szachowy w Poznaniu - OPEN A"]
[Site "Poznan"]
[Date "2017.08.20"]
[Round "1.32"]
[White "Opolski, Wojciech"]
[Black "Sobczak, Miroslaw"]
[Result "0-1"]
[WhiteTitle ""]
[BlackTitle ""]
[WhiteElo "1461"]
[BlackElo "1925"]

1. d4 Nf6 2. Nc3 e6 3. Bg5 c5 4. e3 Nc6 5. Nf3 h6 6. Bh4 cxd4 7. exd4 Bb4 8. a3
Bxc3+ 9. bxc3 Qa5 10. Qd3 Nd5 11. Be2 Nf4 12. Qd2 Nxg2+ 13. Kf1 Nxh4 14. Nxh4
b6 15. Rg1 g5 16. Nf3 Ne7 17. Qd3 Nd5 18. c4 Nf4 19. Qe3 Ba6 20. Bd3 Qc3 21. Ra2
Bxc4 22. Qe4 d5 23. Qe5 O-O-O 24. Ne1 Nxd3 25. Nxd3 Bxa2 26. Rg3 Qxc2 27. Nb4
Bc4+ 28. Kg1 Qd1+ 29. Kg2 Bf1+ 30. Kh1 Bh3+ 31. Rg1 Qf3+ 0-1

[Event "XXV Miedzynarodowy Festiwal Szachowy w Poznaniu - OPEN A"]
[Site "Poznan"]
[Date "2017.08.20"]
[Round "1.33"]
[White "Niemier, Hubert"]
[Black "Lisiak, Rafal"]
[Result "1-0"]
[WhiteTitle ""]
[BlackTitle ""]
[WhiteElo "1924"]
[BlackElo "1444"]

1. d4 d5 2. c4 e6 3. Nc3 Nf6 4. Bg5 Be7 5. e3 O-O 6. Bd3 dxc4 7. Bxc4 Nbd7 8. Nf3
b6 9. O-O Bb7 10. Qe2 Rc8 11. Rad1 Re8 12. Bb3 Ne4 13. Bf4 Nxc3 14. bxc3 Nf6 15.
c4 Ne4 16. Qd3 Nf6 17. Ne5 Be4 18. Qe2 h6 19. f3 Bb7 20. e4 Nh5 21. Be3 Bg5 22.
f4 Nf6 23. fxg5 Nxe4 24. Nxf7 Qe7 25. gxh6 Qh4 26. Rf4 Qe7 27. h7+ Kxh7 28. Qh5+
Kg8 29. Qh8# 1-0

[Event "XXV Miedzynarodowy Festiwal Szachowy w Poznaniu - OPEN A"]
[Site "Poznan"]
[Date "2017.08.20"]
[Round "1.34"]
[White "Szafranski, Maciej "]
[Black "Kozlowski, Tomasz"]
[Result "0-1"]
[WhiteTitle ""]
[BlackTitle ""]
[WhiteElo "1439"]
[BlackElo "1918"]

1. e4 d5 2. exd5 Nf6 3. d4 Bg4 4. Be2 Bxe2 5. Nxe2 Qxd5 6. O-O Nc6 7. c4 Qxc4 8.
Nbc3 O-O-O 9. b3 Qe6 10. Be3 Qd7 11. a4 e5 12. dxe5 Qf5 13. Qc1 Ng4 14. f4 Qd3
15. Bf2 Nxf2 16. Kxf2 Bc5+ 17. Ke1 Be3 18. Qb2 Bd2+ 19. Qxd2 Qxd2+ 20. Kf2 Rd3
21. Kg1 Rxc3 22. Nxc3 Qxc3 23. Rab1 Qe3+ 24. Kh1 Rd8 25. b4 Rd2 26. Rbe1 Re2 27.
Rc1 Qe4 28. Rg1 Qxf4 29. Rcf1 Rf2 30. Rc1 Nd4 31. Rc3 Ne2 32. h3 Ng3+ 33. Rxg3
Qxg3 34. b5 g5 35. b6 axb6 36. a5 bxa5 37. h4 Qxh4# 0-1

[Event "XXV Miedzynarodowy Festiwal Szachowy w Poznaniu - OPEN A"]
[Site "Poznan"]
[Date "2017.08.20"]
[Round "1.35"]
[White "Stachowiak, Slawomir "]
[Black "Piechocki, Bronislaw "]
[Result "1-0"]
[WhiteTitle ""]
[BlackTitle ""]
[WhiteElo "1915"]
[BlackElo "1435"]

1. e4 d6 2. d4 Nf6 3. Bd3 g6 4. c3 Bg7 5. h3 O-O 6. Nf3 c6 7. O-O Qc7 8. Bf4 c5
9. Nbd2 cxd4 10. cxd4 Qb6 11. Rb1 Nfd7 12. a3 Nc6 13. Nc4 Qd8 14. Be3 a6 15. Rc1
b5 16. Nxd6 exd6 17. Rxc6 Nf6 18. Nd2 Bb7 19. Rc2 Re8 20. f3 Rc8 21. Qe2 Rxc2
22. Bxc2 Qc7 23. Bb3 Rc8 24. Rd1 Qd7 25. Nf1 Rc7 26. Qd2 Qc8 27. Bf4 Ne8 28. Ng3
Bc6 29. Rc1 Bd7 30. Rxc7 Qxc7 31. Ne2 Qc8 32. Kh2 Be6 33. Qd3 Bxb3 34. Qxb3 Qc4
35. Qxc4 bxc4 36. Kg1 Bf8 37. Nc3 Nc7 38. Kf2 Nb5 39. Nxb5 axb5 40. Ke2 Kg7 41.
Kd2 Kf6 42. Kc3 Ke6 43. d5+ Kd7 44. Kb4 Bg7 45. Bc1 Be5 46. Kxb5 c3 47. bxc3 Bxc3
48. Be3 Kc7 49. a4 Kb7 50. a5 Bf6 51. a6+ Ka8 52. Kc6 Be5 53. f4 1-0

[Event "XXV Miedzynarodowy Festiwal Szachowy w Poznaniu - OPEN A"]
[Site "Poznan"]
[Date "2017.08.20"]
[Round "1.36"]
[White "Kabzinski, Jan "]
[Black "Kaluzny, Lukasz"]
[Result "0-1"]
[WhiteTitle ""]
[BlackTitle ""]
[WhiteElo "1433"]
[BlackElo "1910"]

1. c4 c6 2. Nf3 d5 3. e3 e6 4. b3 f5 5. Bb2 Nf6 6. d4 Bd6 7. Nbd2 O-O 8. Bd3 Ne4
9. O-O Nd7 10. Rc1 Qe8 11. Ne5 Nxe5 12. dxe5 Be7 13. f3 Nxd2 14. Qxd2 b6 15. b4
Ba6 16. a4 Rd8 17. Qc3 Rc8 18. Qb3 Bb7 19. Rf2 c5 20. b5 Kh8 21. Rd1 Qf7 22. Bf1
Rfd8 23. Kh1 f4 24. exf4 Qxf4 25. Qc2 dxc4 26. Rxd8+ Rxd8 27. Bxc4 Bd5 28. Bd3
g6 29. Bc1 Qb4 30. Rf1 Bb3 31. Qe2 Qxa4 32. Bb2 c4 33. Be4 c3 34. Bxc3 Bc4 0-1

[Event "XXV Miedzynarodowy Festiwal Szachowy w Poznaniu - OPEN A"]
[Site "Poznan"]
[Date "2017.08.20"]
[Round "1.37"]
[White "Niedbala, Wojciech "]
[Black "Geselle , Roman"]
[Result "1-0"]
[WhiteTitle ""]
[BlackTitle ""]
[WhiteElo "1908"]
[BlackElo "1429"]

1. e4 Nf6 2. Nc3 d6 3. d4 h6 4. h3 Nc6 5. Nf3 Bd7 6. e5 Nh7 7. Bd3 e6 8. O-O dxe5
9. dxe5 Bb4 10. Qe2 Bxc3 11. bxc3 O-O 12. Rd1 f5 13. exf6 Nxf6 14. Bc4 Qe7 15.
a4 Rfe8 16. Ba3 Qf7 17. Rab1 b6 18. Bb5 Qh5 19. Rxd7 Nxd7 20. Bxc6 Rad8 21. Rd1
Qf7 22. Rd3 Nb8 23. Bxe8 Rxe8 24. Ne5 Qf4 25. Rd4 Qf5 26. Bc1 c5 27. Rf4 Qh7 28.
Qe4 g5 29. Qxh7+ Kxh7 30. Rf7+ 1-0

[Event "XXV Miedzynarodowy Festiwal Szachowy w Poznaniu - OPEN A"]
[Site "Poznan"]
[Date "2017.08.20"]
[Round "1.38"]
[White "Wojdak, Karol"]
[Black "Duszczak, Dariusz"]
[Result "1-0"]
[WhiteTitle ""]
[BlackTitle ""]
[WhiteElo "1372"]
[BlackElo "1892"]

1. e4 c6 2. d4 d5 3. Nc3 dxe4 4. Nxe4 Nf6 5. Nxf6+ gxf6 6. Bf4 Bf5 7. Qd2 e6 8.
c3 Bd6 9. Bxd6 Qxd6 10. Bd3 Bxd3 11. Qxd3 Nd7 12. O-O-O Qd5 13. Nf3 Qxa2 14. Nd2
O-O-O 15. Qc2 Nb6 16. b3 Qa3+ 17. Qb2 Qa5 18. Ne4 Qf5 19. Qe2 Rhg8 20. f3 Kb8
21. Kb2 Rd5 22. Nc5 e5 23. g4 Qc8 24. Ne4 Qe6 25. Nc5 Qd6 26. Ne4 Qe7 27. Nc5
Rgd8 28. Rhe1 Nc8 29. Qf2 Qc7 30. b4 exd4 31. cxd4 Nb6 32. Kc3 Nd7 33. Re7 Qf4
34. Re4 Qd6 35. Qg3 Nxc5 36. bxc5 Qxg3 37. hxg3 Rxc5+ 38. Kb4 Rcd5 39. Kc3 c5
40. Kc4 b6 41. Re7 R5d7 42. Rde1 cxd4 43. Kd3 a6 44. R7e4 Kb7 45. Rb1 Rd6 46.
Rh1 Rc8 47. Rxh7 Rc3+ 48. Kd2 Rxf3 49. Rxf7+ Kc6 50. g5 fxg5 51. Rxf3 Kc5 52.
Kd3 Rd5 53. g4 a5 54. Rf5 b5 55. Ree5 Rxe5 56. Rxe5+ Kc6 57. Kxd4 1-0

[Event "XXV Miedzynarodowy Festiwal Szachowy w Poznaniu - OPEN A"]
[Site "Poznan"]
[Date "2017.08.20"]
[Round "1.39"]
[White "Kaluzny, Tomasz"]
[Black "Kaluzny, Stanislaw "]
[Result "1-0"]
[WhiteTitle ""]
[BlackTitle ""]
[WhiteElo "1890"]
[BlackElo "1361"]

1. c4 c5 2. Nf3 Nc6 3. d4 cxd4 4. Nxd4 d6 5. g3 Nf6 6. Bg2 Bd7 7. O-O e6 8. Nc3
Be7 9. b3 O-O 10. Bb2 a6 11. Ne4 Qc7 12. Qd3 Rab8 13. Rfd1 Rfd8 14. Bc3 e5 15.
Nc2 Be6 16. Ne3 Nxe4 17. Bxe4 h6 18. Nd5 Bxd5 19. Bxd5 Rd7 20. Qf5 Bf6 21. Be4
Kf8 22. Rd3 Ne7 23. Qh7 Nc6 24. Rad1 Rbd8 25. Bf5 Ke7 26. Bxd7 Rxd7 27. Qf5 g6
28. Qh3 h5 29. Rd5 Ke8 30. Qg2 Ne7 31. R5d3 Nf5 32. Qf3 Kf8 33. e4 Ne3 34. Qxe3
Qc6 35. Rd5 Ke7 36. Bb4 b6 37. Rxd6 Rxd6 38. Rxd6 Qxd6 39. Bxd6+ Kxd6 40. Qxb6+
Ke7 41. c5 Bg5 42. c6 Ke8 43. c7 Kd7 44. Qb7 Ke6 45. c8=R Kf6 46. Rf8 Kg7 47.
Qxf7+ Kh6 48. Rh8# 1-0

[Event "XXV Miedzynarodowy Festiwal Szachowy w Poznaniu - OPEN A"]
[Site "Poznan"]
[Date "2017.08.20"]
[Round "1.40"]
[White "Kaluzny, Jan "]
[Black "Glatty, Zbigniew "]
[Result "1-0"]
[WhiteTitle ""]
[BlackTitle ""]
[WhiteElo "1350"]
[BlackElo "1879"]

1. e4 e5 2. Nf3 Nc6 3. Bc4 Bc5 4. c3 Nf6 5. d4 exd4 6. e5 d5 7. Bb5 Ne4 8. cxd4
Bb6 9. Be3 O-O 10. O-O Ne7 11. Nc3 Bg4 12. h3 Bh5 13. Be2 Nf5 14. Qd3 Bg6 15.
Qd1 Nxe3 16. fxe3 Ng3 17. Re1 c6 18. Bd3 Bc7 19. Bxg6 hxg6 20. Qc2 Nf5 21. e4
dxe4 22. Qxe4 f6 23. Rad1 Re8 24. Qg4 Kh7 25. Nh4 Nxh4 26. Qxh4+ Kg8 27. Qg4 g5
28. Qf5 Rf8 29. Qe6+ Kh8 30. Ne4 Qc8 31. Qe7 Qd8 32. Qe6 Qe8 33. Qf5 g6 34. Qf3
fxe5 35. Qg3 Kg7 36. Nxg5 Rd8 37. Qh4 Rh8 38. Qg4 Rd6 39. dxe5 Rxd1 40. Rxd1 Bb6+
41. Kh1 Qxe5 42. Rd7+ Kg8 43. Qc4+ 1-0

[Event "XXV Miedzynarodowy Festiwal Szachowy w Poznaniu - OPEN A"]
[Site "Poznan"]
[Date "2017.08.20"]
[Round "1.41"]
[White "Zielinski, Olgierd "]
[Black "Gajewski, Zbigniew "]
[Result "1-0"]
[WhiteTitle ""]
[BlackTitle ""]
[WhiteElo "1869"]
[BlackElo "1347"]

1. e4 g6 2. d4 Bg7 3. Nc3 d6 4. Be2 Nf6 5. g4 O-O 6. g5 Ne8 7. h4 Nc6 8. Be3 e5
9. dxe5 Nxe5 10. f4 Nc6 11. Qd2 f6 12. Bc4+ Kh8 13. h5 gxh5 14. Rxh5 Bg4 15. Rh4
f5 16. Qh2 Bxc3+ 17. bxc3 Qe7 18. Rh6 Rd8 19. Ne2 Bxe2 20. Qxe2 fxe4 21. Be6 Qg7
22. O-O-O Rd7 23. Bxd7 Qxd7 24. Rdh1 Rf7 25. g6 Rg7 26. Rxh7+ 1-0

[Event "XXV Miedzynarodowy Festiwal Szachowy w Poznaniu - OPEN A"]
[Site "Poznan"]
[Date "2017.08.20"]
[Round "1.42"]
[White "Walaszyk, Zbigniew "]
[Black "Wilk, Oktawia"]
[Result "0-1"]
[WhiteTitle ""]
[BlackTitle ""]
[WhiteElo "1344"]
[BlackElo "1848"]

1. e4 e6 2. d4 d5 3. Nc3 Nf6 4. Bg5 Be7 5. e5 Nfd7 6. Bxe7 Qxe7 7. Bd3 a6 8. Nf3
c5 9. O-O Nc6 10. Re1 cxd4 11. Nb1 Qb4 12. b3 h6 13. a3 Qc5 14. b4 Qe7 15. Bf1
O-O 16. Nxd4 Ndxe5 17. f4 Nxd4 18. Qxd4 Nc6 19. Qd2 Qf6 20. Nc3 b5 21. Rad1 Bb7
22. g3 Rac8 23. Bg2 Nxb4 24. Re5 Nc6 25. Re3 Ne7 26. Rd3 Rc7 27. Rb1 Rfc8 28.
Rb3 Nf5 29. h3 d4 30. Bxb7 dxc3 31. Qg2 Rd8 32. Be4 g6 33. Kh2 Rd4 34. Rbxc3 Rdc4
35. Rxc4 bxc4 36. Rd2 Ne3 37. Qe2 Qc3 38. Rd8+ Kg7 39. a4 f5 40. Bg2 Kf7 41. Rd2
a5 42. Qe1 Re7 43. Qe2 Nxg2 44. Kxg2 Qb4 45. Rd8 Qxa4 46. Rh8 Qc6+ 47. Kf2 Qd5
48. Rh7+ Kf6 49. Qe5+ Qxe5 50. fxe5+ Kxe5 51. Rxe7 Kd4 52. Rxe6 Kc3 53. Re2 a4
54. Kg2 a3 55. Re3+ Kb2 56. c3 a2 57. Re2+ Kb3 58. Re1 Kxc3 59. Rc1+ Kb2 60. Re1
c3 0-1

[Event "XXV Miedzynarodowy Festiwal Szachowy w Poznaniu - OPEN A"]
[Site "Poznan"]
[Date "2017.08.20"]
[Round "1.43"]
[White "Szymanski, Zbigniew"]
[Black "Drozdowicz, Ignacy "]
[Result "1-0"]
[WhiteTitle ""]
[BlackTitle ""]
[WhiteElo "1844"]
[BlackElo "1339"]

1. d4 Nf6 2. Nf3 g6 3. e3 Bg7 4. c4 d6 5. Nc3 Nbd7 6. Be2 e5 7. O-O O-O 8. Qc2
Re8 9. Rd1 a6 10. b3 c5 11. dxe5 Nxe5 12. Bb2 Nc6 13. Qd2 Re6 14. Ng5 Re5 15.
f4 Rxg5 16. fxg5 Ne8 17. Ne4 Bxb2 18. Qxb2 Qe7 19. Nf6+ Nxf6 20. Qxf6 Qxe3+ 21.
Kh1 Nd4 22. Bf3 Nxf3 23. Qxf3 Qxg5 24. Rxd6 Qe7 25. Qf6 Qxf6 26. Rxf6 Kg7 27.
Rb6 Rb8 28. Rd1 Bf5 29. Kg1 Be4 30. Rbd6 b5 31. cxb5 axb5 32. Rc1 Rc8 33. Rb6
c4 34. Rxb5 c3 35. Rb4 Bd3 36. Rd4 Bb5 37. a4 Ba6 38. b4 Bb7 39. Rc2 Kf6 40. Rd3
Rc4 41. Rcxc3 Rxb4 42. Rb3 Rxb3 43. Rxb3 Ba6 44. Rb6+ 1-0

[Event "XXV Miedzynarodowy Festiwal Szachowy w Poznaniu - OPEN A"]
[Site "Poznan"]
[Date "2017.08.20"]
[Round "1.44"]
[White "Zurawski, Mateusz"]
[Black "Simon, Marek "]
[Result "0-1"]
[WhiteTitle ""]
[BlackTitle ""]
[WhiteElo "1328"]
[BlackElo "1837"]

1. e4 c6 2. d4 d5 3. exd5 cxd5 4. c4 Nf6 5. Nc3 Nc6 6. Nf3 Bg4 7. Be3 e6 8. c5
Be7 9. Bb5 O-O 10. O-O Ne4 11. h3 Nxc3 12. bxc3 Qa5 13. Bxc6 Bxf3 14. Qa4 Qxa4
15. Bxa4 Be4 16. Rfc1 b6 17. cxb6 axb6 18. Bb3 Ba3 19. Re1 Bb2 20. Rad1 Bxc3 21.
Re2 Rfc8 22. h4 h5 23. Bc1 Bxd4 0-1

[Event "XXV Miedzynarodowy Festiwal Szachowy w Poznaniu - OPEN A"]
[Site "Poznan"]
[Date "2017.08.20"]
[Round "1.45"]
[White "Nun, Grzegorz"]
[Black "Piasecki, Andrzej"]
[Result "1-0"]
[WhiteTitle ""]
[BlackTitle ""]
[WhiteElo "1829"]
[BlackElo "1300"]

1. e4 h5 2. d4 g6 3. Nf3 Bh6 4. Bc4 d6 5. Nc3 Be6 6. Bxe6 fxe6 7. Qd3 Bxc1 8. Rxc1
Nd7 9. Ng5 d5 10. Nxe6 Qc8 11. Nxd5 Rb8 12. Ndxc7+ Kf7 13. Qb3 Nf8 14. Nd8+ Kg7
15. Qf7+ Kh6 16. Qxf8+ Kg5 17. h4+ 1-0

[Event "XXV Miedzynarodowy Festiwal Szachowy w Poznaniu - OPEN A"]
[Site "Poznan"]
[Date "2017.08.20"]
[Round "1.46"]
[White "Lapinski, Jerzy"]
[Black "Olejarczyk, Wojciech "]
[Result "1-0"]
[WhiteTitle ""]
[BlackTitle ""]
[WhiteElo "1280"]
[BlackElo "1820"]

1. d4 Nf6 2. c4 g6 3. Nf3 Bg7 4. Nc3 b6 5. e4 d6 6. Be2 Bb7 7. d5 Nbd7 8. Qc2 a5
9. a4 Nc5 10. Be3 O-O 11. O-O Nfd7 12. Nd4 e5 13. Nc6 Bxc6 14. dxc6 Nb8 15. Rfd1
Nxc6 16. Bxc5 bxc5 17. Nb5 Nd4 18. Nxd4 cxd4 19. c5 Rb8 20. Rab1 Rb4 21. Bb5 f5
22. b3 Kh8 23. cxd6 cxd6 24. Bc4 Bh6 25. Qd3 Qh4 26. exf5 gxf5 27. Qe2 Bg7 28.
Rd3 Qe4 29. Qd2 Rf6 30. Re1 Qb7 31. Qg5 Qd7 32. Rh3 Rg6 33. Qxg6 h6 34. Rxh6+
Bxh6 35. Qg8# 1-0

[Event "XXV Miedzynarodowy Festiwal Szachowy w Poznaniu - OPEN A"]
[Site "Poznan"]
[Date "2017.08.20"]
[Round "1.47"]
[White "Augustowski, Janusz"]
[Black "Purczynski, Andrzej"]
[Result "1-0"]
[WhiteTitle ""]
[BlackTitle ""]
[WhiteElo "1810"]
[BlackElo "1243"]

1. d4 Nf6 2. c4 e6 3. Nf3 d5 4. g3 Bb4+ 5. Bd2 Bxd2+ 6. Nbxd2 O-O 7. Bg2 Nbd7 8.
O-O c5 9. cxd5 Nxd5 10. dxc5 Nxc5 11. Qc2 Nd7 12. Rac1 N7f6 13. Rfd1 Qe8 14. e4
Nb6 15. e5 Nh5 16. Ng5 g6 17. Nde4 Qe7 18. g4 f6 19. gxh5 fxg5 20. Nf6+ Rxf6 21.
exf6 Qxf6 22. hxg6 hxg6 23. Qc7 Qf7 24. Rd8+ Kg7 25. Qe5+ Qf6 26. Rc7+ Bd7 27.
Rcxd7+ Nxd7 28. Rxd7+ 1-0

[Event "XXV Miedzynarodowy Festiwal Szachowy w Poznaniu - OPEN A"]
[Site "Poznan"]
[Date "2017.08.20"]
[Round "1.48"]
[White "Zielinski, Tomasz"]
[Black "Sacharewicz, Krzysztof "]
[Result "0-1"]
[WhiteTitle ""]
[BlackTitle ""]
[WhiteElo "1215"]
[BlackElo "1800"]

1. e4 c5 2. Nf3 d6 3. d4 cxd4 4. Qxd4 Nc6 5. Bb5 Bd7 6. Bxc6 Bxc6 7. c4 Nf6 8.
Nc3 g6 9. O-O Bg7 10. Qd3 O-O 11. Be3 Nd7 12. Nd2 b6 13. f3 Rc8 14. Rac1 Bb7 15.
b3 Nc5 16. Qe2 Qd7 17. Rfd1 f5 18. Bf2 Qe6 19. exf5 Qxe2 20. Nxe2 Nd3 21. Rc2
Nxf2 22. Kxf2 gxf5 23. Nb1 d5 24. Na3 dxc4 25. Nxc4 b5 26. Ne3 Rxc2 27. Nxc2 e5
28. Rd7 Rf7 29. Rxf7 Kxf7 30. Ng3 Ke6 31. Ke2 Bf8 32. Kd3 a5 33. a3 Bd5 34. b4
Bc4+ 35. Kc3 axb4+ 36. axb4 Bd6 37. Na3 f4 38. Ne4 Bf1 39. Nxd6 Kxd6 40. g3 fxg3
41. hxg3 Kc6 42. Nc2 Be2 43. f4 Kd5 44. Ne3+ Ke4 45. Ng2 Kf3 46. fxe5 Kxg2 47.
e6 Kxg3 48. e7 Bh5 49. Kd4 Be8 0-1

[Event "XXV Miedzynarodowy Festiwal Szachowy w Poznaniu - OPEN A"]
[Site "Poznan"]
[Date "2017.08.20"]
[Round "1.49"]
[White "Huchwajda, Katarzyna "]
[Black "Nowak, Patrycja"]
[Result "1-0"]
[WhiteTitle ""]
[BlackTitle ""]
[WhiteElo "1779"]
[BlackElo "1182"]

1. e4 c6 2. d4 d5 3. exd5 cxd5 4. Bd3 Nc6 5. c3 Qc7 6. Ne2 Nf6 7. Bf4 Qd7 8. O-O
e6 9. Nd2 Be7 10. Nf3 h6 11. Ng3 O-O 12. Bc2 b6 13. Ne5 Nxe5 14. dxe5 Nh7 15.
Qd3 f5 16. exf6 Nxf6 17. Be5 Qe8 18. h4 a5 19. Bxf6 Rxf6 20. Qh7+ Kf8 21. h5 Qf7
22. Qh8+ Qg8 23. Qxg8+ Kxg8 24. Bd3 Bb7 25. a3 Bd6 26. Ne2 Raf8 27. b4 e5 28.
Bb5 e4 29. Nd4 Be5 30. Rab1 Bc8 31. Be2 Bxd4 32. cxd4 Rf5 33. f3 Bd7 34. Rbe1
Rc8 35. Rc1 Rxc1 36. Rxc1 axb4 37. axb4 Be8 38. fxe4 dxe4 39. Rc8 Kf8 40. Rb8
Rd5 41. Kf2 Rxd4 42. Bb5 Rxb4 43. Bxe8 Ke7 44. Bg6 Kf6 45. Re8 Kg5 46. Re7 1-0

[Event "XXV Miedzynarodowy Festiwal Szachowy w Poznaniu - OPEN A"]
[Site "Poznan"]
[Date "2017.08.20"]
[Round "1.50"]
[White "Dopierala, Adam"]
[Black "Lascar, Radoslawa"]
[Result "0-1"]
[WhiteTitle ""]
[BlackTitle ""]
[WhiteElo "1059"]
[BlackElo "1778"]

1. e4 c5 2. Nf3 Nc6 3. d4 cxd4 4. Nxd4 e5 5. Nf3 Nf6 6. Nc3 Bb4 7. Bd2 Bxc3 8.
Bxc3 Nxe4 9. Bxe5 Nxe5 10. Nxe5 Qa5+ 11. c3 Qxe5 12. Be2 O-O 13. O-O d5 14. Re1
Qg5 15. Bf3 Nf6 16. Qd4 Be6 17. Re5 Qg6 18. Qb4 b6 19. c4 Rad8 20. cxd5 Bxd5 21.
Qc3 Bxf3 22. Qxf3 Qd3 23. Re3 Qd4 24. Qe2 Qd2 25. h3 Qxe2 26. Rxe2 Rfe8 27. Rc2
Rd7 28. Rac1 g6 29. Rc6 Kg7 30. b4 Re2 31. R6c2 Rdd2 32. Rxd2 Rxd2 33. a3 Rd3
34. Ra1 Ne4 35. f3 Nd6 36. a4 a5 37. b5 Nb7 38. Kf2 Rd2+ 39. Kf1 Nc5 40. Ra3 Rd4
41. Ke2 Nxa4 42. Ke3 Rb4 43. g4 Nc5 44. Kd2 Rxb5 45. Ra2 Rb3 46. Ke2 a4 47. Rc2
a3 48. Kd2 Rxf3 49. Rc3 Ne4+ 0-1

[Event "XXV Miedzynarodowy Festiwal Szachowy w Poznaniu - OPEN A"]
[Site "Poznan"]
[Date "2017.08.20"]
[Round "1.51"]
[White "Lisiecki, Robert "]
[Black "Nawrowski, Artur "]
[Result "1-0"]
[WhiteTitle ""]
[BlackTitle ""]
[WhiteElo "1772"]
[BlackElo "1024"]

1. e4 e5 2. Nf3 Nc6 3. Nc3 Nf6 4. Bc4 h6 5. d3 Bb4 6. Be3 d6 7. Qd2 Bg4 8. a3 Ba5
9. h3 Bh5 10. g4 Bg6 11. O-O-O Nd4 12. Nxd4 exd4 13. Bxd4 O-O 14. g5 hxg5 15.
Qxg5 Nh7 16. Qxg6 Qg5+ 17. Qxg5 Nxg5 18. Rdg1 Ne6 19. Bxe6 fxe6 20. Bxg7 Rf7 21.
Bh6+ Kh7 22. Bd2 Rxf2 23. Rg5 Bb6 24. Rhg1 Raf8 25. Rh5# 1-0

[Event "XXV Miedzynarodowy Festiwal Szachowy w Poznaniu - OPEN A"]
[Site "Poznan"]
[Date "2017.08.21"]
[Round "3.1"]
[White "Tomczak, Jacek "]
[Black "Jedras, Piotr"]
[Result "1-0"]
[WhiteTitle ""]
[BlackTitle ""]
[WhiteElo "2598"]
[BlackElo "2091"]

1. e4 c5 2. Nf3 d6 3. d4 cxd4 4. Nxd4 Nf6 5. Nc3 g6 6. Be3 Bg7 7. f3 Nc6 8. Qd2
O-O 9. g4 Nxd4 10. Bxd4 Be6 11. h4 Qa5 12. h5 Rfc8 13. a3 Rab8 14. h6 Bh8 15.
g5 Ne8 16. Bxh8 Kxh8 17. f4 Qc5 18. O-O-O b5 19. Qd4+ Kg8 20. Qxc5 Rxc5 21. Rd4
a5 22. Be2 b4 23. axb4 axb4 24. Nd5 Bxd5 25. exd5 Rbc8 26. Bd3 Nc7 27. Rxb4 Nxd5
28. Re4 f5 29. gxf6 exf6 30. Rhe1 Kf7 31. Rd4 Ra5 32. Kd2 Ne7 33. Rxd6 Rh5 34.
Rd7 Rh2+ 35. Kc1 Re8 36. Bb5 Kf8 37. Rexe7 Rxe7 38. Rd8+ Kf7 39. Bc4+ Re6 40.
Rd7+ Ke8 41. Bxe6 Re2 42. Bc4 Re4 43. Bb5 1-0

[Event "XXV Miedzynarodowy Festiwal Szachowy w Poznaniu - OPEN A"]
[Site "Poznan"]
[Date "2017.08.21"]
[Round "3.2"]
[White "Orzechowski, Jacek "]
[Black "Szelag, Marcin "]
[Result "1/2-1/2"]
[WhiteTitle ""]
[BlackTitle ""]
[WhiteElo "2069"]
[BlackElo "2456"]

1. c4 g6 2. Nf3 Bg7 3. d4 Nf6 4. Nc3 O-O 5. e4 d6 6. Be2 e5 7. O-O Nc6 8. dxe5
dxe5 9. Bg5 Qxd1 10. Rfxd1 h6 11. Be3 b6 12. c5 Bb7 13. Bb5 Rad8 14. Rac1 Rxd1+
15. Rxd1 Rd8 16. Rxd8+ Nxd8 17. cxb6 axb6 18. Nxe5 Nxe4 19. Nxe4 Bxe4 20. f4 Kf8
21. b4 Ke7 22. a4 g5 23. a5 gxf4 24. Bxf4 bxa5 25. bxa5 Ne6 26. Bg3 Nd4 27. Bc4
Nf5 28. Bf4 Nd6 29. Be2 Ke6 30. Nf3 Kd5 31. Nd2 Bd4+ 32. Kf1 Nf5 33. Nxe4 Kxe4
34. Bxc7 Ne3+ 35. Ke1 Nxg2+ 1/2-1/2

[Event "XXV Miedzynarodowy Festiwal Szachowy w Poznaniu - OPEN A"]
[Site "Poznan"]
[Date "2017.08.21"]
[Round "3.3"]
[White "Urban, Klaudiusz "]
[Black "Zakoscielna, Kinga "]
[Result "1-0"]
[WhiteTitle ""]
[BlackTitle ""]
[WhiteElo "2426"]
[BlackElo "2059"]

1. d4 Nf6 2. c4 e6 3. g3 d5 4. Bg2 c6 5. Nf3 Nbd7 6. O-O b6 7. Nc3 Bb7 8. b3 Bb4
9. Bb2 O-O 10. Nd2 Re8 11. a3 Bxc3 12. Bxc3 Qe7 13. Re1 c5 14. cxd5 Nxd5 15. Bb2
cxd4 16. Bxd4 e5 17. Bb2 b5 18. Rc1 Rac8 19. Rxc8 Rxc8 20. Qb1 a6 21. Rc1 N7f6
22. Rxc8+ Bxc8 23. Qd3 Bb7 24. Ne4 Nxe4 25. Bxe4 Qe6 26. Bxh7+ Kh8 27. Bf5 Qc6
28. e4 Nf6 29. Qd8+ Ng8 30. Bxe5 Qc1+ 31. Kg2 f6 32. Bf4 Qc5 33. g4 g5 34. Be3
Qxa3 35. Bxg5 1-0